<?xml version="1.0" encoding="UTF-8"?>
<collection xmlns="http://www.loc.gov/MARC21/slim">
 <record>
  <leader>     na                 </leader>
  <controlfield tag="001">INLIS000000000010893</controlfield>
  <controlfield tag="005">20230510114937</controlfield>
  <controlfield tag="007">ta</controlfield>
  <controlfield tag="008">230510                g          0 ind  </controlfield>
  <datafield tag="035" ind1=" " ind2=" ">
   <subfield code="a">0010-0423000009</subfield>
  </datafield>
  <datafield tag="082" ind1=" " ind2=" ">
   <subfield code="a">338.43.01</subfield>
  </datafield>
  <datafield tag="084" ind1=" " ind2=" ">
   <subfield code="a">338.43.01 PUS t</subfield>
  </datafield>
  <datafield tag="100" ind1="0" ind2=" ">
   <subfield code="a">Pusat Sosial Ekonomi dan Kebijakan Pertanian</subfield>
   <subfield code="e">Pengarang</subfield>
  </datafield>
  <datafield tag="245" ind1="1" ind2=" ">
   <subfield code="a">Temuan-Temuan Pokok dan Rekomendasi Kebijakan Pembangunan Pertanian Dari Hasil-Hasil Penelitian PSEKP 2017 /</subfield>
   <subfield code="c">Pusat Sosial Ekonomi dan Kebijakan Pertanian</subfield>
  </datafield>
  <datafield tag="264" ind1=" " ind2=" ">
   <subfield code="a">Bogor :</subfield>
   <subfield code="b">Pusat Sosial Ekonomi dan Kebijakan Pertanian,</subfield>
   <subfield code="c">2017</subfield>
  </datafield>
  <datafield tag="300" ind1=" " ind2=" ">
   <subfield code="a">ix, 142p. :</subfield>
   <subfield code="b">ill. ;</subfield>
   <subfield code="c">25 cm</subfield>
  </datafield>
  <datafield tag="336" ind1=" " ind2=" ">
   <subfield code="2">rdacontent</subfield>
   <subfield code="a">Teks</subfield>
  </datafield>
  <datafield tag="337" ind1=" " ind2=" ">
   <subfield code="2">rdamedia</subfield>
   <subfield code="a">Tanpa Perantara</subfield>
  </datafield>
  <datafield tag="338" ind1=" " ind2=" ">
   <subfield code="2">rdacarrier</subfield>
   <subfield code="a">Volume</subfield>
  </datafield>
  <datafield tag="520" ind1=" " ind2=" ">
   <subfield code="a">Setiap tahun PSEKP melakukan berbagai riset dalam upaya mempelajari dan merespons berbagai dinamika sosial ekonomi yang berlangsung secara nasional maupun internasional. Teuan-temuan studi ini merupakan sumber pengetahuan dan keilmuan sosial ekonomi dan kebijakan pertanian yang sangat berharga karena menggunakan informasi yang kuat serta analisis yang dalam. Buku ini merangkum temuan-temuan penting studi tersebut, untuk dipersembahkan kepada pembaca, baik dari kalangan birokrasi, akademisi, maupun praktisi. Publikasi ini diharapkan akan memperluas sebaran temuan-temuannya, meningkatkan efektivitas program pembangunan secara umum, dan memberi sumbangan yang kuat kepada bidang sosial ekonomi dan kebijakan pertanian di Indonesia.</subfield>
  </datafield>
  <datafield tag="650" ind1=" " ind2="4">
   <subfield code="a">Hasil-Hasil Penelitian</subfield>
  </datafield>
  <datafield tag="650" ind1=" " ind2="4">
   <subfield code="a">Komoditas Strategis</subfield>
  </datafield>
  <datafield tag="650" ind1=" " ind2="4">
   <subfield code="a">Pembangunan Pertanian</subfield>
  </datafield>
  <datafield tag="650" ind1=" " ind2="4">
   <subfield code="a">Rekomendasi Kebijakan</subfield>
  </datafield>
  <datafield tag="650" ind1=" " ind2="4">
   <subfield code="a">Sumberdaya Pertanian</subfield>
  </datafield>
  <datafield tag="700" ind1="0" ind2=" ">
   <subfield code="a">Abdul Basit</subfield>
   <subfield code="e">Penyunting</subfield>
  </datafield>
  <datafield tag="700" ind1="1" ind2=" ">
   <subfield code="a">Ashari</subfield>
   <subfield code="e">Penyunting</subfield>
  </datafield>
  <datafield tag="700" ind1="0" ind2=" ">
   <subfield code="a">Erma Suryani</subfield>
   <subfield code="e">Penyunting</subfield>
  </datafield>
  <datafield tag="700" ind1="0" ind2=" ">
   <subfield code="a">Frans B.M. Tabukke</subfield>
   <subfield code="e">Penyunting</subfield>
  </datafield>
  <datafield tag="700" ind1="0" ind2=" ">
   <subfield code="a">Julia Forcina Sinuraya</subfield>
   <subfield code="e">Penyunting</subfield>
  </datafield>
  <datafield tag="700" ind1="0" ind2=" ">
   <subfield code="a">M. Suryadi</subfield>
   <subfield code="e">Penyunting</subfield>
  </datafield>
  <datafield tag="700" ind1="0" ind2=" ">
   <subfield code="a">Sumedi</subfield>
   <subfield code="e">Penyunting</subfield>
  </datafield>
  <datafield tag="700" ind1="0" ind2=" ">
   <subfield code="a">Sunarsih</subfield>
   <subfield code="e">Penyunting</subfield>
  </datafield>
  <datafield tag="856" ind1=" " ind2=" ">
   <subfield code="a">Perpustakaan PSEKP</subfield>
  </datafield>
  <datafield tag="990" ind1=" " ind2=" ">
   <subfield code="a">817/PSEKP/2023</subfield>
  </datafield>
  <datafield tag="990" ind1=" " ind2=" ">
   <subfield code="a">818/PSEKP/2023</subfield>
  </datafield>
  <datafield tag="990" ind1=" " ind2=" ">
   <subfield code="a">819/PSEKP/2023</subfield>
  </datafield>
 </record>
</collection>
